banner koha

Bebedouro para abelhas - Tecnologia de baixo custo que melhora a eficiência produtiva das colônias (Registro n. 337450)

MARC details
000 -LÍDER
fixed length control field 03087nab a2200277 i 4500
003 - CÓDIGO MARC DA AGÊNCIA CATALOGADORA
Campo de controle BR-BrBNA
005 - DATA E HORA DA ÚLTIMA ATUALIZAÇÃO
Campo de controle 20250805103939.0
008 - CAMPO DE TAMANHO FIXO
fixed length control field 250805b2022 bl.tr|pooa||| 00| 0 por |
040 ## - FONTE DA CATALOGAÇÃO
Agência catalogadora BR-BrBNA
Idioma da catalogação por
072 ## - CATEGORIA AGRIS
Código AGRIS L01
Código do objeto 7100
100 ## - ENTRADA PRINCIPAL - NOME PESSOAL
Nome pessoal Schafaschek, Tânia Patrícia
100 ## - ENTRADA PRINCIPAL - NOME PESSOAL
Nome pessoal Sezerino, André Amarildo
245 ## - TÍTULO PRINCIPAL
Título principal Bebedouro para abelhas - Tecnologia de baixo custo que melhora a eficiência produtiva das colônias
500 ## - NOTA GERAL
Nota geral <br/><br/>Publicação online; 7 ref.; 2 tables; Summaries (En, Pt)
942 ## - ADDED ENTRY ELEMENTS (KOHA)
Koha item type Analítica
520 ## - NOTA DE RESUMO
Nota de conteúdo <br/><br/><br/>Resumo – A água é utilizada pelas abelhas no seu metabolismo e outras funções na colônia. Na ausência de fontes de água é fundamental a disponibilização de um bebedouro às abelhas. Neste trabalho apresentamos a confecção de um bebedouro e os resultados preliminares de avaliação da visitação para a coleta de água em um bebedouro instalado em um apiário e outro em um pomar cultivado sob telas antigranizo. Avaliaram-se o número de abelhas que chegavam ao bebedouro por minuto e o seu tempo de visitação. As abelhas visitaram os bebedouros de forma constante nos dois ambientes, inclusive em condições climáti cas consideradas impróprias para voo e forrageamento, o que demonstra a necessidade de água para a colônia. A instalação do bebedouro nos pomares pode ser uma opção para melhorar a permanência das abelhas sob a tela antigranizo, bem como evitar que elas não consigam regressar ao saírem em busca de água. <br/><br/><br/>Termos para indexação: Apis mellifera L.; Coleta de água; Sanidade apícola.
520 ## - NOTA DE RESUMO
Nota de conteúdo <br/><br/><br/>Abstract – Water is used by bees for their metabolism and other functions in the colony. In the absence of water sources, it is essential to provide bees with a water station. In this paper we present the construction of a waterer and the preliminary results of the evaluati on of the visitati on for water collection in a waterer installed in an apiary and another one in an orchard cultivated under anti -hail screens. The number of bees arriving at the waterer per minute and their visitati on ti me was evaluated. The bees visited the waterer constantly, in both environments, even in weather conditions considered inappropriate for flight and foraging, which shows the need for water for the colony. The installati on of water stations in the orchards may be an option to improve the permanence of the bees under the anti -hail screens and to preventing that when they leave in search of water they cannot return. <br/><br/><br/>Index terms: Apis mellifera L.; Water collecti on; Bee health
650 ## - ASSUNTO - THESAGRO
Cabeçalho tópico ou nome geográfico ABELHA
650 ## - ASSUNTO - THESAGRO
Cabeçalho tópico ou nome geográfico COLÔNIA
650 ## - ASSUNTO - THESAGRO
Cabeçalho tópico ou nome geográfico ÁGUA
650 ## - ASSUNTO - THESAGRO
Cabeçalho tópico ou nome geográfico BEBEDOURO
650 ## - ASSUNTO - THESAGRO
Cabeçalho tópico ou nome geográfico APICULTURA
773 0# - ENTRADA ANALÍTICA
Host Biblionumber 1813
Registro do item 317207
Imprenta Florianópolis-SC Empresa de Pesquisa Agropecuária e Extensão Rural de Santa Catarina 1988-
Outro identificador 2024-3831
Título Agropecuária Catarinense (Brazil)
ISSN 0103-0779
Colação v. 35(2) p. 21-23; (2022)
Número de controle de registro BR2025002894
856 ## - ACESSO E ENDEREÇO ELETRÔNICO
Identificador uniforme de recurso - URI https://publicacoes.epagri.sc.gov.br/rac/article/view/1336/1380

Nenhum exemplar disponível.

BINAGRI

Telefone: (61)3218-2567/2388/3357/2097 - binagri@agro.gov.br

Ministério da Agricultura e Pecuária , Esplanada dos Ministérios, Bloco D, Anexo B, Brasília/DF, CEP: 70.043-900